[Event "CZE-chT2F 1920"]
[Site "Czech Republic"]
[Date "2020.02.09"]
[Round "8.1"]
[White "Talla, Vladimir"]
[Black "Butkiewicz, Lukasz"]
[Result "1/2-1/2"]
[WhiteElo "2392"]
[BlackElo "2418"]
[PlyCount "39"]
[EventDate "2019.10.13"]
[EventType "team-tourn"]
[EventRounds "11"]
[EventCountry "CZE"]
[SourceTitle "EXT 2024"]
[Source "ChessBase"]
[SourceDate "2023.10.10"]
[SourceVersion "1"]
[SourceVersionDate "2023.10.10"]
[SourceQuality "1"]
[WhiteTeam "Ostrava Labortech II"]
[BlackTeam "Vrbno pod Pradedem"]
[WhiteTeamCountry "CZE"]
[BlackTeamCountry "CZE"]

1. d4 Nf6 2. c4 g6 3. Nc3 Bg7 4. e4 d6 5. Nf3 0-0 6. Be2 e5 7. dxe5 dxe5 8. Qxd8 Rxd8 9. Bg5 Re8 10. Nd5 Nxd5 11. cxd5 c6 12. Bc4 cxd5 13. Bxd5 Na6 14. Ke2 Nc7 15. Bb3 Be6 16. Rac1 Rac8 17. Bxe6 Nxe6 18. Rxc8 Rxc8 19. Rc1 Rxc1 20. Bxc1 1/2-1/2

[Event "CZE-chT2F 1920"]
[Site "Czech Republic"]
[Date "2019.11.03"]
[Round "2.1"]
[White "Zidek, Vaclav"]
[Black "Talla, Vladimir"]
[Result "1/2-1/2"]
[WhiteElo "2159"]
[BlackElo "2396"]
[PlyCount "32"]
[EventDate "2019.10.13"]
[EventType "team-tourn"]
[EventRounds "11"]
[EventCountry "CZE"]
[SourceTitle "EXT 2024"]
[Source "ChessBase"]
[SourceDate "2023.10.10"]
[SourceVersion "1"]
[SourceVersionDate "2023.10.10"]
[SourceQuality "1"]
[WhiteTeam "Poruba Slavoj III"]
[BlackTeam "Ostrava Labortech II"]
[WhiteTeamCountry "CZE"]
[BlackTeamCountry "CZE"]

1. d4 Nf6 2. c4 e6 3. Nc3 Bb4 4. f3 d5 5. a3 Bxc3+ 6. bxc3 0-0 7. cxd5 exd5 8. e3 c5 9. Bd3 b6 10. Ne2 Ba6 11. Bxa6 Nxa6 12. 0-0 Re8 13. Ng3 Nb8 14. Qd3 Nc6 15. Bb2 Rc8 16. Rad1 cxd4 1/2-1/2

[Event "CZE-chT 1819"]
[Site "Czech Republic"]
[Date "2018.12.02"]
[Round "4.4"]
[White "Talla, Vladimir"]
[Black "Cerveny, Martin"]
[Result "1/2-1/2"]
[WhiteElo "2402"]
[BlackElo "2329"]
[PlyCount "85"]
[EventDate "2018.11.03"]
[EventType "team-tourn"]
[EventRounds "11"]
[EventCountry "CZE"]
[SourceTitle "CBM 187 Extra"]
[Source "ChessBase"]
[SourceDate "2018.11.04"]
[SourceVersion "1"]
[SourceVersionDate "2018.11.04"]
[SourceQuality "1"]
[WhiteTeam "Ostrava Labortech"]
[BlackTeam "Brno Duras"]
[WhiteTeamCountry "CZE"]
[BlackTeamCountry "CZE"]

1. d4 d5 2. c4 c6 3. Nf3 Nf6 4. Nc3 dxc4 5. a4 Bf5 6. Ne5 e6 7. f3 Bb4 8. e4 Bxe4 9. fxe4 Nxe4 10. Bd2 Qxd4 11. Nxe4 Qxe4+ 12. Qe2 Bxd2+ 13. Kxd2 Qd5+ 14. Kc2 Na6 15. Nxc4 0-0 16. Qe5 Rab8 17. Be2 f6 18. Qxd5 cxd5 19. Nd2 Rfc8+ 20. Kb3 Kf7 21. Rac1 Nc5+ 22. Ka3 f5 23. Rc3 Ne4 24. Nxe4 fxe4 25. Rhc1 Rxc3+ 26. bxc3 Ke7 27. Rf1 a5 28. Kb3 Rc8 29. Bh5 g6 30. Be2 b6 31. Bb5 Rc7 32. h4 h6 33. Kb2 Rc8 34. Kb3 g5 35. h5 e5 36. Re1 Rf8 37. c4 d4 38. Rxe4 Kd6 39. g4 Rf2 40. Ba6 Rg2 41. Bb7 Rg3+ 42. Kb2 Rg2+ 43. Kb3 1/2-1/2

[Event "Banska Stiavnica V4 op"]
[Site "Banska Stiavnica"]
[Date "2018.07.10"]
[Round "4"]
[White "Talla, Vladimir"]
[Black "Macko, Michal"]
[Result "1/2-1/2"]
[WhiteElo "2402"]
[BlackElo "2158"]
[PlyCount "34"]
[EventDate "2018.07.07"]
[EventType "swiss"]
[EventRounds "9"]
[EventCountry "SVK"]
[SourceTitle "CBM 185 Extra"]
[Source "ChessBase"]
[SourceDate "2018.07.29"]
[SourceVersion "1"]
[SourceVersionDate "2018.07.29"]
[SourceQuality "1"]

1. d4 Nf6 2. c4 e6 3. Nc3 Bb4 4. a3 Bxc3+ 5. bxc3 b6 6. f3 d6 7. e4 Nc6 8. Bd3 Na5 9. Nh3 Ba6 10. Bg5 Qd7 11. e5 dxe5 12. dxe5 h6 13. Be3 Ng8 14. Be4 0-0-0 15. Qxd7+ Rxd7 16. c5 Ne7 17. Kf2 Rhd8 1/2-1/2

[Event "Banska Stiavnica V4 op"]
[Site "Banska Stiavnica"]
[Date "2018.07.07"]
[Round "1"]
[White "Kucera, Michal"]
[Black "Talla, Vladimir"]
[Result "1/2-1/2"]
[WhiteElo "1921"]
[BlackElo "2402"]
[PlyCount "135"]
[EventDate "2018.07.07"]
[EventType "swiss"]
[EventRounds "9"]
[EventCountry "SVK"]
[SourceTitle "CBM 185 Extra"]
[Source "ChessBase"]
[SourceDate "2018.07.29"]
[SourceVersion "1"]
[SourceVersionDate "2018.07.29"]
[SourceQuality "1"]

1. e4 c5 2. Nf3 d6 3. d4 cxd4 4. Nxd4 Nf6 5. Nc3 a6 6. Be3 e5 7. Nb3 Be7 8. Be2 0-0 9. 0-0 Be6 10. f4 exf4 11. Bxf4 Nc6 12. Kh1 Ne8 13. Be3 Bf6 14. Nd4 Nxd4 15. Bxd4 Be5 16. Bxe5 dxe5 17. Qxd8 Rxd8 18. Rad1 Nf6 19. Rxd8 Rxd8 20. Rd1 Rd4 21. Bf3 Kf8 22. Rxd4 exd4 23. Ne2 d3 24. cxd3 Bxa2 25. Kg1 b6 26. Kf2 Ke7 27. Ke3 Ne8 28. d4 f6 29. Nc3 Bb3 30. Nb1 Nd6 31. Nd2 Nc4+ 32. Nxc4 Bxc4 33. d5 Kd6 34. Kd4 Bb5 35. Bg4 a5 36. Be6 Be8 37. Bg8 h6 38. Be6 a4 39. Bg4 b5 40. Be2 h5 41. h4 b4 42. Kc4 a3 43. bxa3 bxa3 44. Kb3 Ke5 45. Bf3 Kf4 46. d6 g6 47. Kxa3 Ke5 48. Kb4 Kxd6 49. Kc4 Ke5 50. g3 Bc6 51. Kd3 f5 52. Ke3 fxe4 53. Be2 Kf5 54. Bd1 Be8 55. Be2 Ba4 56. Kf2 Bc2 57. Ke3 Bd3 58. Bd1 Ke5 59. g4 g5 60. gxh5 gxh4 61. Bg4 Kf6 62. Kf4 Kg7 63. Bf5 Kh6 64. Bxe4 Bxe4 65. Kxe4 Kxh5 66. Kf3 h3 67. Kg3 h2 68. Kxh2 1/2-1/2

[Event "CZE-chT 1718"]
[Site "Czech Republic"]
[Date "2018.04.07"]
[Round "10.2"]
[White "Talla, Vladimir"]
[Black "Rabatin, Jakub"]
[Result "1/2-1/2"]
[WhiteElo "2395"]
[BlackElo "2288"]
[PlyCount "55"]
[EventDate "2017.11.18"]
[EventType "team-tourn"]
[EventRounds "11"]
[EventCountry "CZE"]
[SourceTitle "EXT 2019"]
[Source "ChessBase"]
[SourceDate "2018.10.10"]
[SourceVersion "1"]
[SourceVersionDate "2018.10.10"]
[SourceQuality "1"]
[WhiteTeam "Ostrava Labortech"]
[BlackTeam "Frydek Mistek"]
[WhiteTeamCountry "CZE"]
[BlackTeamCountry "CZE"]

1. d4 Nf6 2. c4 g6 3. Nc3 d5 4. cxd5 Nxd5 5. e4 Nxc3 6. bxc3 Bg7 7. Bc4 c5 8. Ne2 0-0 9. 0-0 Nc6 10. Be3 cxd4 11. cxd4 b6 12. Rc1 Bb7 13. Qa4 Na5 14. Bd3 Qd6 15. Bd2 Nc6 16. d5 Ne5 17. Bb4 Qd8 18. Bb5 a6 19. Bc6 Bxc6 20. dxc6 Qc7 21. Rfd1 Rfc8 22. Nf4 b5 23. Qb3 Nxc6 24. Nd5 Qb7 25. Rxc6 Rxc6 26. Nxe7+ Kh8 27. Nxc6 Qxc6 28. Qd5 1/2-1/2

[Event "Banska Stiavnica V4 op"]
[Site "Banska Stiavnica"]
[Date "2017.07.16"]
[Round "9"]
[White "Talla, Vladimir"]
[Black "Juhasz, Barbara"]
[Result "1-0"]
[WhiteElo "2431"]
[BlackElo "2214"]
[PlyCount "55"]
[EventDate "2017.07.08"]
[EventType "swiss"]
[EventRounds "9"]
[EventCountry "SVK"]
[SourceTitle "CBM 179 Extra"]
[Source "ChessBase"]
[SourceDate "2017.08.23"]
[SourceVersion "1"]
[SourceVersionDate "2017.08.23"]
[SourceQuality "1"]

1. e4 c5 2. Nf3 e6 3. d4 cxd4 4. Nxd4 a6 5. Bd3 Qc7 6. 0-0 Nf6 7. Qe2 d6 8. c4 Be7 9. b3 b6 10. Bb2 Bb7 11. Nc3 0-0 12. Rae1 Nfd7 13. f4 Bf6 14. Nf3 Nc5 15. Bb1 Nc6 16. e5 dxe5 17. fxe5 Be7 18. Nd5 exd5 19. cxd5 Ne6 20. dxe6 fxe6 21. Qc4 Bc5+ 22. Kh1 Qe7 23. Bc1 g6 24. Bg5 Qe8 25. Bf6 Rc8 26. Qg4 Nb4 27. Ng5 h5 28. Qxh5 1-0

[Event "Banska Stiavnica V4 op"]
[Site "Banska Stiavnica"]
[Date "2017.07.15"]
[Round "8"]
[White "Ruckschloss, Karol"]
[Black "Talla, Vladimir"]
[Result "1/2-1/2"]
[WhiteElo "2228"]
[BlackElo "2431"]
[PlyCount "87"]
[EventDate "2017.07.08"]
[EventType "swiss"]
[EventRounds "9"]
[EventCountry "SVK"]
[SourceTitle "CBM 179 Extra"]
[Source "ChessBase"]
[SourceDate "2017.08.23"]
[SourceVersion "1"]
[SourceVersionDate "2017.08.23"]
[SourceQuality "1"]

1. c4 e6 2. Nf3 d5 3. e3 Nf6 4. Nc3 b6 5. b3 Bb7 6. Bb2 Be7 7. cxd5 exd5 8. Be2 Nbd7 9. 0-0 0-0 10. Rc1 a6 11. Bd3 Bd6 12. Ne2 Qe7 13. Ng3 g6 14. Bb1 Rfe8 15. Re1 Rac8 16. d3 c5 17. Qd2 Qd8 18. Re2 a5 19. a4 Ba6 20. Ree1 Bf8 21. Bc3 Bh6 22. d4 Ne4 23. Qd1 Bg7 24. Bxe4 dxe4 25. Nd2 f5 26. Nc4 Bxc4 27. bxc4 cxd4 28. Bxd4 Nc5 29. Bxc5 Qxd1 30. Rexd1 Rxc5 31. Rd5 Rc6 32. Rd2 Rec8 33. Rdc2 Rd8 34. Ne2 Rd3 35. g3 Ra3 36. c5 Rxc5 37. Rxc5 bxc5 38. Rxc5 Rxa4 39. Rc8+ Kf7 40. Rc7+ Kg8 41. Rc8+ Bf8 42. Nf4 Kf7 43. Rc7+ Kf6 44. Rc6+ 1/2-1/2

[Event "Banska Stiavnica V4 op"]
[Site "Banska Stiavnica"]
[Date "2017.07.13"]
[Round "6"]
[White "Takacs, Laszlo"]
[Black "Talla, Vladimir"]
[Result "1-0"]
[WhiteElo "2207"]
[BlackElo "2431"]
[PlyCount "51"]
[EventDate "2017.07.08"]
[EventType "swiss"]
[EventRounds "9"]
[EventCountry "SVK"]
[SourceTitle "CBM 179 Extra"]
[Source "ChessBase"]
[SourceDate "2017.08.23"]
[SourceVersion "1"]
[SourceVersionDate "2017.08.23"]
[SourceQuality "1"]

1. e4 c5 2. Nf3 e6 3. d4 cxd4 4. Nxd4 a6 5. Nc3 Qc7 6. Be2 b5 7. 0-0 Bb7 8. f3 Nf6 9. Kh1 b4 10. Na4 d5 11. Bg5 Nbd7 12. exd5 Nxd5 13. c4 bxc3 14. Nxc3 Nxc3 15. bxc3 Bd6 16. Rb1 Nc5 17. Bb5+ Kf8 18. Bc4 h6 19. Bc1 Kg8 20. Ba3 Kh7 21. Bxe6 Rhd8 22. Bxc5 Bxc5 23. Qb3 Bxd4 24. Bxf7 Rab8 25. cxd4 Be4 26. Rbc1 1-0

[Event "CZE-chT 1617"]
[Site "Czech Republic"]
[Date "2016.10.09"]
[Round "2.2"]
[White "Spacek, Petr"]
[Black "Talla, Vladimir"]
[Result "1/2-1/2"]
[WhiteElo "2371"]
[BlackElo "2437"]
[PlyCount "21"]
[EventDate "2016.10.08"]
[EventType "team-tourn"]
[EventRounds "11"]
[EventCountry "CZE"]
[SourceTitle "EXT 2017"]
[Source "ChessBase"]
[SourceDate "2016.10.25"]
[SourceVersion "1"]
[SourceVersionDate "2016.10.25"]
[SourceQuality "1"]
[WhiteTeam "Lysa nad Labem II"]
[BlackTeam "Ostrava Labortech"]
[WhiteTeamCountry "CZE"]
[BlackTeamCountry "CZE"]

1. d4 d5 2. c4 c6 3. cxd5 cxd5 4. Bf4 Qb6 5. Nc3 Nf6 6. e3 Qxb2 7. Bb5+ Nc6 8. Nge2 e6 9. 0-0 Qa3 10. Rb1 Qa5 11. Ba4 1/2-1/2

[Event "Stare Mesto op"]
[Site "Stare Mesto"]
[Date "2016.08.07"]
[Round "3"]
[White "Talla, Vladimir"]
[Black "Kapusta, Petr"]
[Result "1-0"]
[WhiteElo "2445"]
[BlackElo "2214"]
[PlyCount "57"]
[EventDate "2016.08.05"]
[EventType "swiss"]
[EventRounds "10"]
[EventCountry "CZE"]
[SourceTitle "CBM 173 Extra"]
[Source "ChessBase"]
[SourceDate "2016.08.29"]
[SourceVersion "1"]
[SourceVersionDate "2016.08.29"]
[SourceQuality "1"]

1. d4 Nf6 2. c4 g6 3. Nc3 Bg7 4. e4 0-0 5. Be3 d6 6. f3 e5 7. Nge2 Nc6 8. d5 Ne7 9. g4 c6 10. Ng3 cxd5 11. cxd5 a6 12. h4 h5 13. Be2 b5 14. Rg1 Bd7 15. gxh5 Nxh5 16. Nxh5 gxh5 17. Rg5 Ng6 18. Rxh5 Nxh4 19. Kf2 f5 20. Qh1 f4 21. Bd2 Qb6+ 22. Kf1 Ng6 23. Rg5 Rf6 24. Bd3 Qd4 25. Ke2 b4 26. Rag1 Rc8 27. Rxg6 Rxg6 28. Rxg6 bxc3 29. Qh6 1-0

[Event "Stare Mesto op"]
[Site "Stare Mesto"]
[Date "2016.08.06"]
[Round "2"]
[White "Skalsky, Alexandr"]
[Black "Talla, Vladimir"]
[Result "0-1"]
[WhiteElo "2076"]
[BlackElo "2445"]
[PlyCount "166"]
[EventDate "2016.08.05"]
[EventType "swiss"]
[EventRounds "10"]
[EventCountry "CZE"]
[SourceTitle "CBM 173 Extra"]
[Source "ChessBase"]
[SourceDate "2016.08.29"]
[SourceVersion "1"]
[SourceVersionDate "2016.08.29"]
[SourceQuality "1"]

1. e4 e5 2. Nf3 Nc6 3. d4 exd4 4. Nxd4 Bc5 5. Nb3 Bb6 6. Qe2 Nge7 7. Nc3 0-0 8. Bg5 f6 9. Be3 f5 10. Bxb6 axb6 11. e5 d6 12. exd6 Qxd6 13. Nb5 Qf6 14. Nxc7 Ra4 15. 0-0-0 Rxa2 16. Qc4+ Kh8 17. c3 Na5 18. Nxa5 Rxa5 19. Qd4 Qc6 20. Nb5 Be6 21. Na3 Rd5 22. Qb4 Rxd1+ 23. Kxd1 Rd8+ 24. Kc1 Qd5 25. Bc4 Qd2+ 26. Kb1 Nc6 27. Qb5 Bxc4 28. Nxc4 Qd3+ 29. Kc1 Na5 30. Na3 Qd2+ 31. Kb1 Qxf2 32. Rf1 Qxg2 33. Qxf5 h6 34. Rf2 Qc6 35. Re2 Qd6 36. Qc2 Rf8 37. Rf2 Rd8 38. Re2 Qd5 39. Rg2 b5 40. Qe2 Nc4 41. Nc2 Rf8 42. Rg1 Qc5 43. Rd1 Qf5 44. Re1 Kh7 45. Rd1 Rf6 46. Ka2 Ra6+ 47. Kb1 Re6 48. Qd3 Qxd3 49. Rxd3 Re2 50. h3 Rd2 51. Rg3 g5 52. b3 Nd6 53. Kc1 Rd5 54. b4 Kg6 55. Ne3 Rd3 56. Kc2 Rxc3+ 57. Kxc3 Ne4+ 58. Kd4 Nxg3 59. Kc5 Nf5 60. Ng2 Kf6 61. Kxb5 Ke5 62. Kb6 Nd6 63. Kc7 h5 64. Ne3 b5 65. Kc6 Nc4 66. Ng2 Na3 67. Kc5 Ke4 68. Kd6 Kf3 69. Ne1+ Ke2 70. Ng2 Kf2 71. h4 gxh4 72. Nxh4 Kg3 73. Nf5+ Kg4 74. Ne3+ Kf4 75. Nd5+ Kf3 76. Ke5 h4 77. Nf4 Kg4 78. Ke4 h3 79. Nd3 Kg3 80. Ke3 h2 81. Nf2 Kg2 82. Ke2 h1Q 83. Nxh1 Kxh1 0-1

[Event "Banska Stiavnica V4 op"]
[Site "Banska Stiavnica"]
[Date "2016.07.09"]
[Round "8"]
[White "Mihok, Oliver"]
[Black "Talla, Vladimir"]
[Result "1/2-1/2"]
[WhiteElo "2509"]
[BlackElo "2424"]
[PlyCount "31"]
[EventDate "2016.07.02"]
[EventType "swiss"]
[EventRounds "9"]
[EventCountry "SVK"]
[SourceTitle "CBM 173 Extra"]
[Source "ChessBase"]
[SourceDate "2016.08.29"]
[SourceVersion "1"]
[SourceVersionDate "2016.08.29"]
[SourceQuality "1"]

1. e4 e5 2. Nf3 Nc6 3. Nc3 Nf6 4. Be2 d5 5. exd5 Nxd5 6. 0-0 Nxc3 7. bxc3 e4 8. Ne1 Bd6 9. f3 Bf5 10. fxe4 Bxe4 11. Bf3 Qh4 12. g3 Qe7 13. Rb1 Rb8 14. Bxe4 Qxe4 15. Qf3 Qxf3 16. Nxf3 1/2-1/2

[Event "Banska Stiavnica V4 op"]
[Site "Banska Stiavnica"]
[Date "2016.07.06"]
[Round "5"]
[White "Aczel, Gergely"]
[Black "Talla, Vladimir"]
[Result "1/2-1/2"]
[WhiteElo "2480"]
[BlackElo "2424"]
[PlyCount "115"]
[EventDate "2016.07.02"]
[EventType "swiss"]
[EventRounds "9"]
[EventCountry "SVK"]
[SourceTitle "CBM 173 Extra"]
[Source "ChessBase"]
[SourceDate "2016.08.29"]
[SourceVersion "1"]
[SourceVersionDate "2016.08.29"]
[SourceQuality "1"]

1. d4 d5 2. c4 e6 3. Nc3 Be7 4. Nf3 Nf6 5. Bg5 h6 6. Bh4 0-0 7. e3 b6 8. Be2 Bb7 9. Bxf6 Bxf6 10. cxd5 exd5 11. b4 c5 12. bxc5 bxc5 13. Rb1 Bc6 14. 0-0 Nd7 15. Bb5 Qc7 16. Qd2 Rfd8 17. Bxc6 Qxc6 18. dxc5 Nxc5 19. Nb5 Ne4 20. Qa5 Qb6 21. Qxb6 axb6 22. a3 Ra5 23. Rfc1 Nd6 24. Nxd6 Rxd6 25. Rb3 Kf8 26. g3 Ke7 27. Rc7+ Rd7 28. Rc8 Rda7 29. Rxb6 Rxa3 30. Rbb8 Ra2 31. Re8+ Kd6 32. Rb6+ Kd7 33. Rbb8 Kd6 34. Rb6+ Kd7 35. Rf8 Ke7 36. Rfb8 Rc7 37. R8b7 Ra7 38. Rxa7 Rxa7 39. Rb3 Kd6 40. Kg2 Kc6 41. Rd3 Ra2 42. g4 Kc5 43. Kg3 Kc4 44. Rd1 Ra1 45. Rxa1 Bxa1 46. g5 h5 47. Kf4 Kd3 48. Ne5+ Ke2 49. Nxf7 Kxf2 50. g6 Kg2 51. h4 Kh3 52. Kg5 Kg3 53. Kxh5 Kf3 54. Kg5 Kxe3 55. h5 d4 56. Ne5 d3 57. Nxd3 Kxd3 58. h6 1/2-1/2

[Event "Orlova GM 13th"]
[Site "Orlova"]
[Date "2016.05.27"]
[Round "7"]
[White "Simacek, Pavel"]
[Black "Talla, Vladimir"]
[Result "1-0"]
[WhiteElo "2453"]
[BlackElo "2423"]
[PlyCount "69"]
[EventDate "2016.05.21"]
[EventType "tourn"]
[EventRounds "9"]
[EventCountry "CZE"]
[EventCategory "6"]
[SourceTitle "CBM 172 Extra"]
[Source "ChessBase"]
[SourceDate "2016.06.21"]
[SourceVersion "1"]
[SourceVersionDate "2016.06.21"]
[SourceQuality "1"]

1. e4 e5 2. Nf3 Nc6 3. Bb5 a6 4. Ba4 Nf6 5. 0-0 Be7 6. Bxc6 dxc6 7. d3 Qd6 8. Nbd2 Be6 9. Ng5 Nd7 10. Nxe6 Qxe6 11. Nc4 f6 12. Qe2 Bc5 13. a4 0-0 14. Bd2 Rfe8 15. b4 Bf8 16. Rab1 b5 17. axb5 axb5 18. Na5 c5 19. bxc5 c6 20. c4 bxc4 21. Nxc4 Bxc5 22. Be3 Reb8 23. Rxb8+ Rxb8 24. Rc1 Bxe3 25. Nxe3 Nf8 26. Nf5 g6 27. Ne3 Kg7 28. h4 Rd8 29. h5 Qd7 30. Qf3 Qe6 31. Ra1 Kf7 32. Ng4 Ke7 33. Ra7+ Rd7 34. Ra8 Kf7 35. Nxf6 1-0